00817 am a2200217 a 450000500170000000800410001702000150005804100080007310000260008124501370010725000110024426000360025530000100029150001790030165300240048065300160050465300170052070000210053770000200055870000210057820240529102502.0100917s1992||||ag d f |||| 001 0 spa d a9507100261 aspa1 aGalli, AmandaeCoord. aPrograma de Formación Docente Pedagógica. Curso de Aprendizaje y Evaluación.bVol.4 Estrategia de enseñanza /cAmanda Galli. a1a ed. aBuenos Aires: bOPS/OMS;c1991. a94 p. aGalli, A. et al. (1991). Programa de Formación Docente Pedagógica. Curso de Aprendizaje y Evaluación. Vol.4 Estrategia de enseñanza. (1a ed.). Buenos Aires : OPS/OMS. aFormación docente aAprendizaje aEvaluación1 aCastro, Claudia.1 aCarrio, Silvia.1 aFerrante, Adela.